000 00344nam a2200157Ia 4500
003 Ost
005 20260225132549.0
008 260225s9999||||xx |||||||||||||| ||und||
040 _cfsic
041 _afre
082 _a440
100 _aNacer mousaoui
_eAuteur
245 0 _aContes africains /
245 0 _cNacer mousaoui
942 _cكتاب
999 _c34044
_d34044